Countries of the Scramble for Africa - Statistics

General Stats
  • This quiz has been taken 101 times
  • The average score is 43 of 52
Answer Stats
Hint Answer % Correct
Algeria France
98%
Benin France
94%
Angola Portugal
94%
Botswana United Kingdom
93%
Burkina Faso France
92%
Egypt United Kingdom
88%
Chad France | Germany
86%
Democratic Republic of the Congo Belgium
85%
Ivory Coast France
85%
Niger France
85%
Libya France | Italy | United Kingdom
85%
Morocco France | Spain
85%
Nigeria France | United Kingdom
85%
Cape Verde Portugal
85%
Kenya United Kingdom
85%
Lesotho United Kingdom
85%
Madagascar France
84%
Central African Republic France | Germany
84%
Republic of the Congo France | Germany
84%
Burundi Germany
84%
Namibia Germany
84%
Tanzania Germany
84%
Equatorial Guinea Spain
84%
Eswatini United Kingdom
84%
South Africa United Kingdom
84%
Sudan United Kingdom
84%
Ghana United Kingdom | Germany
84%
Comoros France
82%
Djibouti France
82%
Guinea France
82%
Mali France
82%
Mauritania France
82%
Malawi United Kingdom
82%
Mauritius United Kingdom
82%
South Sudan United Kingdom
82%
Cameroon Germany
81%
Mozambique Portugal
81%
Gabon France | Germany
80%
Rwanda Germany
80%
Guinea-Bissau Portugal
80%
São Tomé and Príncipe Portugal
80%
Eritrea Italy
79%
Seychelles United Kingdom
79%
Sierra Leone United Kingdom
79%
The Gambia United Kingdom
79%
Somalia United Kingdom | Italy
79%
Senegal France
78%
Tunisia France
76%
Uganda United Kingdom
76%
Zimbabwe United Kingdom
76%
Togo Germany
75%
Zambia United Kingdom
74%
No matching quizzes found
Score Distribution
Percent of People with Each Score
Percentile by Number Answered
Your Score History
You have not taken this quiz